000 00565nam a2200217Ia 4500
003 OSt
005 20220928144752.0
006 a|||||r|||| 00| 0
007 ta
008 220927b |||||||| |||| 00| 0 eng d
024 _a76048
037 _cTextual
040 _aSDCL
_cSDCL
_beng
041 _2eng
_aeng
082 _aV2:3(X5)'H, P2
100 _aChakravarti Rambir
_9509666
245 0 _aTrade and traders in early Indian society.
260 _c2002
942 _hV2:3(X5)'H, P2
_cTEXL
_2CC
999 _c829643
_d829643